00642nam a2200229 a 4500001001300000003000900013005001700022008004100039020001000080082001300090100002300103245001300126260004000139300000800179500003500187505002700222650002800249902000800277942000700285952010500292999001500397nice12345678IN_TiNIC20260116011418.0050524s1928 hyda grp 000 0 urd  ac10000a190bMIL aMill, John Stewart aIfadiyat aHyderabadbOsmania Universityc1928 a84p aincludes index and biblioraphy2 aPlus Some Other Tracts aPhilosophy-Western-Mill bSRS cBK 00104070aHMIbHMId2007-07-31g100.00l1o190 MILp4140r2025-07-28s2025-07-28w2026-01-16yARB c1310d1310